Objaviteľ gravitačného zákona (K 340.výročiu narodenia I. Newtona.)

Bibliographic Details
Main Author: Dr. S.Š (Author)
Format: Article
Language:Slovak
Subjects:

MARC

LEADER 00000nab a2200000 a 4500
001 vtls000140147
003 SK-MaSNL
005 20260303200203.0
008 140328c1983 xo 0 slo
015 |a SNBRB19rr/mm-uuuuu 
035 |a CL0150253 
040 |a SNKBUCL  |b slo  |c SNKBUCL  |e AACR2 
041 0 |a slo 
044 |a xo  |c SK 
080 |a 53  |2 1981 
080 |a 51  |2 1981 
080 |a 52  |2 1981 
080 |a 929 Newton, Issac  |2 1981 
100 1 |a Dr. S.Š.  |4 aut  |9 1229993 
245 1 0 |a Objaviteľ gravitačného zákona  |b (K 340.výročiu narodenia I. Newtona.)  |c Dr. S.Š. 
600 1 7 |a Newton, Isaac,  |d 1642-1727  |2 snkbucl  |9 230104 
655 7 |a články z novín a časopisov  |2 snkbucl  |9 267496 
773 0 |t Duchovný pastier  |g Roč. 64, č. 1 (1983), s. 33-34 
850 |a Slovenská národná knižnica v Martine  |a MTA001 
852 |a SNK  |b KIS3GCP 
958 |a RK 
992 |a RBX 
999 |c 2166949  |d 2168879